En tinieblas / (Record no. 184375)

MARC details
000 -LEADER
campo de control de longitud fija 00844nam a2200241 i 4500
001 - NÚMERO DE CONTROL
campo de control 184375
003 - IDENTIFICADOR DE NÚMERO DE CONTROL
campo de control ES-MaACL
005 - FECHA Y HORA DE LA ÚLTIMA TRANSACCIÓN
campo de control 20251123114407.0
008 - DATOS DE LONGITUD FIJA--INFORMACIÓN GENERAL
campo de control de longitud fija 150729s2000 sp |||| |bspa d
020 ## - NÚMERO INTERNACIONAL ESTÁNDAR DEL LIBRO
Número Internacional Estándar del Libro 84-88816-66-9
080 ## - NÚMERO DE LA CLASIFICACIÓN DECIMAL UNIVERSAL
Número de la Clasificación Decimal Universal 929 Bloy, León :2
100 0# - ENTRADA PRINCIPAL--NOMBRE DE PERSONA
Nombre de persona Bloy, Léon,
Fechas asociadas al nombre 1846-1917
9 (RLIN) 29573
245 10 - MENCIÓN DEL TÍTULO
Título En tinieblas /
Mención de responsabilidad, etc. Léon Bloy ; edición, traducción y notas de Luis Cayo Pérez Bueno.
260 ## - PUBLICACIÓN, DISTRIBUCIÓN, ETC.
Lugar de publicación, distribución, etc. Madrid :
Nombre del editor, distribuidor, etc. Escuela Libre,
Fecha de publicación, distribución, etc. 2000.
300 ## - DESCRIPCIÓN FÍSICA
Extensión 109 p. ;
Dimensiones 21 cm.
490 1# - MENCIÓN DE SERIE
Mención de serie Letras diferentes ;
Designación de volumen o secuencia 11
594 ## - Nota al título y mención de responsabilidad
Nota al título y mención de responsabilidad Traducción de: Dans les ténèbres.
600 17 - PUNTO DE ACCESO ADICIONAL DE MATERIA--NOMBRE DE PERSONA
Nombre de persona Bloy, Léon,
Fechas asociadas al nombre 1846-1917-
Subdivisión general Religión
Fuente del encabezamiento o término
9 (RLIN) 157161
700 1# - ENTRADA AGREGADA--NOMBRE PERSONAL
Nombre de persona Pérez Bueno, Luis Cayo,
Fechas asociadas al nombre 1967-
9 (RLIN) 157162
830 0# - PUNTO DE ACCESO ADICIONAL DE SERIE-TÍTULO UNIFORME
Título uniforme Letras diferentes ;
Designación de volumen o secuencia 11
9 (RLIN) 179437
852 ## - LOCALIZACIÓN
Ubicación ES-MaACL
Número de control de estantería L-30128
Nota libre .- Donat. Miguel A. Velasco
Holdings
Estatus retirado Estado de pérdida Estado de daño No para préstamo Biblioteca de origen Biblioteca actual Ubicación en estantería Fecha de adquisición Fuente de adquisición Total de préstamos Signatura topográfica completa Código de barras Visto por última vez Precio de reemplazo Tipo de ítem Koha
        Biblioteca del Ateneo de Madrid Biblioteca del Ateneo de Madrid Depósito 2 29/07/2015     L-30128 1193979 23/02/2023 23/02/2023 Libro impreso